000 02687nam a22003253u 4500
001 drd-59695717
003 0
005 20251112153218.0
007 tu
008 251112b |||||||| |||| 00| 0 ger d
020 _a9783847117841
_9978-3-8471-1784-1
040 _aRU-10907106
_bger
_cRU-10907106
041 _ager
100 1 _aElias, Laura
_4aut
_eAuthor
_967335
245 1 4 _aDer imperiale Blick
_bDie indigene Bevölkerung Zentralasiens in der ethnographisch-anthropologischen Fotografie des Russländischen Imperiums
_cLaura Elias
264 _aGottingen
_bV&R unipress GmbH
_c2024
300 _a350 S.
336 _aText
_btxt
_2rdacontent
337 _aohne Hilfsmittel zu benutzen
_bn
_2rdamedia
338 _aBand
_bnc
_2rdacarrier
520 _aWelche Signifikanz hatte die Fotografie in den neuen Disziplinen der Ethnographie und physischen Anthropologie im Russländischen Imperium? In welcher Zeit wurde welche Art der fotografischen Darstellung nicht-russischer Völker von den historischen Akteuren als wissenschaftlich relevant und erkenntnisversprechend betrachtet? Und welche Unterschiede lassen sich zwischen der fotografischen und nicht-fotografischen visuellen Inszenierung festmachen? Im vorliegenden Band untersucht Laura Elias, inwiefern fotografische Bilder zur Konstruktion imaginierter ethnischer Kollektive und zur Herstellung ethnographisch-anthropologischen Wissens benutzt wurden. Von den ersten ethnographischen Skizzen bis hin zu den fotografischen Repräsentationen des frühen 20. Jahrhunderts ergibt sich dabei ein vielschichtiges Bild vom "Russischen Orient" und dessen Erforschern. What significance did photography have on the new disciplines of ethnography and physical anthropology in the Russian Empire? During which time period was which type of photographic representations of the non-Russian population considered scientifically relevant and promising by historical actors. What differences can be identified between photographic and non-photographic visual representations? In the present volume Laura Elias examines in how far photographic images were used to construct imaginative ethnical collectives and to produce ethnographical-anthropological knowledge. From the first ethnographic sketches to the photographic representations of the early 20th century, a multi-layered picture of the "Russian Orient" and its scholars is drawn.
648 _a1776-1902
_967543
650 _aEthnologie
650 _aEthnologische Fotografie
_967544
650 _aMittelasien <Motiv>
_967545
650 _aIndigenes Volk <Motiv>
_967546
651 _aRussland
651 _aZentralasien
_96220
942 _cMG
_2z
999 _c73027
_d73027